| 000 | 00486nam a2200169 4500 | ||
|---|---|---|---|
| 003 | SEACOMEC | ||
| 005 | 20250203122242.0 | ||
| 008 | 250203b |||||||| |||| 00| 0 eng d | ||
| 020 |
_a978-0073051949 _c630.00 |
||
| 040 | _aSEACOMEC | ||
| 082 |
_a515.9 _bB873 |
||
| 100 | _aBrown, James Ward | ||
| 245 |
_aComplex variables and applications / _c by James Ward Brown, Ruel V. Churchill. |
||
| 250 | _a8th ed. | ||
| 260 |
_aNew Delhi _b McGraw-Hill Higher Education _c2009 |
||
| 942 | _cBOOK | ||
| 999 |
_c1978 _d1978 |
||